000 00279nam a22001217a 4500
008 180104b xxu||||| |||| 00| 0 eng d
041 _aeng
080 _a94
100 _a16
101 _aHIS
245 _aHISTORIAN ECONOMIC AND ECONOMIC HISTORY
_cALON.K
942 _2udc
_cBK
999 _c39756
_d39756